00378 2200157 4500001002100000005001500021035002000036245006700056100002600123250000600149300001100155260002000166082000800186084001400194990001200208INLIS00000000000243820250604102020 a0010-06250000241 aPemotongan dan Penanganan Daging Ayam /cBambang Agus Muntidjo0 aBambang Agus Muntidjo a1 a90 hlm bKanisius,c2007 a600 a600 BAM p a0712287